000
00280nam a2200121Ia 4500
008
190216s9999||||xx |||||||||||||| ||und||
100
_a
Shakespere
245
0
_a
Julius Caesar
260
_b
Oxford University Press
_c
1987
300
_a
188
650
_a
English Drama
942
_c
BK
999
_c
13508
_d
13508